Visual Basic for Applications (VBA) in Microsoft Excel to solve problems in subject risk Theory in non-life insurance

Saved in:
Bibliographic Details
Main Author: Mucha, Vladimír, 1976-
Format: Book Chapter
Language:Slovak
Subjects:
Tags: Add Tag
No Tags, Be the first to tag this record!

MARC

LEADER 00000nla a2200000 4500
001 0190588
005 20240502073215.7
041 0 |a slo 
044 |a SK 
245 1 0 |a Visual Basic for Applications (VBA) in Microsoft Excel to solve problems in subject risk Theory in non-life insurance  |c Vladimír Mucha 
500 |a Abstrakt 
610 2 0 |a poistenie neživotné 
610 2 0 |a riziko poistné 
610 2 0 |a predmety učebné 
610 2 0 |a jazyky programovacie 
100 1 |a Mucha, Vladimír, 1976-